000 00328pam a2200133a 44500
008 230405s2005 xxu||||| |||| 00| 0 eng d
041 _aENG
100 _aDavid hames
245 _ainstant Notes Biochemistry
260 _a
_bTaylor and francis group llc 270
_c2005
300 _a438
700 _aNigel Hooper
906 _a9267
999 _c299766
_d299766